000 00210nam a2200097Ia 4500
005 20251222114340.0
008 251222s1900||||xx |||||||||||||| ||spa||
082 _aDVD0080/P48/1964
245 0 _aBecket:
942 _cDVD
999 _c821
_d821